Obsession : (Record no. 3103)

MARC details
000 -LEADER
fixed length control field 00717cam a2200217 4500
001 - CONTROL NUMBER
control field 3792
010 ## - LIBRARY OF CONGRESS CONTROL NUMBER
LC control number 2007002623
020 ## - INTERNATIONAL STANDARD BOOK NUMBER
International Standard Book Number 9780345452641
100 1# - MAIN ENTRY--PERSONAL NAME
Personal name Kellerman, Jonathan.
245 10 - TITLE STATEMENT
Title Obsession :
Remainder of title an Alex Delaware novel /
Statement of responsibility, etc. Jonathan Kellerman.
260 ## - PUBLICATION, DISTRIBUTION, ETC.
Place of publication, distribution, etc. New York :
Name of publisher, distributor, etc. Ballantine Books,
Date of publication, distribution, etc. c2007.
300 ## - PHYSICAL DESCRIPTION
Extent 458 p. ;
Dimensions 18 cm.
650 #0 - SUBJECT ADDED ENTRY--TOPICAL TERM
Topical term or geographic name entry element Delaware, Alex (Fictitious character)
Form subdivision Fiction.
Topical term or geographic name entry element Police
Geographic subdivision California
-- Los Angeles
Form subdivision Fiction.
Topical term or geographic name entry element Psychologists
Form subdivision Fiction.
Topical term or geographic name entry element Sturgis, Milo (Fictitious character)
Form subdivision Fiction.
Topical term or geographic name entry element Young women
Form subdivision Fiction.
651 #0 - SUBJECT ADDED ENTRY--GEOGRAPHIC NAME
Geographic name Los Angeles (Calif.)
Form subdivision Fiction.
655 #0 - INDEX TERM--GENRE/FORM
Genre/form data or focus term Psychological fiction.
Genre/form data or focus term Mystery fiction.
Source of term gsafd
Holdings
Withdrawn status Lost status Source of classification or shelving scheme Damaged status Not for loan Collection code Home library Current library Shelving location Date acquired Serial Enumeration / chronology Inventory number Total Checkouts Full call number Barcode Date last seen Price effective from Koha item type
    Dewey Decimal Classification     Fiction RTC Library RTC Library Fiction 27/11/2018 6429   FIC 813.54 KEL 30006271 03/01/2022 27/11/2018 Fiction
Royal Thimphu College || All Right Reserved